| 000 | 02053nam1a2200337 i 4500 | ||
|---|---|---|---|
| 001 | RU\NLR\bibl\1461866 | ||
| 005 | 20260407205730.0 | ||
| 035 | _a(NLR Aleph) 001453626 | ||
| 090 |
_a1538791 _c1538791 |
||
| 100 | _a20100118g20099999k y0rusy50 ca | ||
| 101 | 0 | _arus | |
| 102 | _aRU | ||
| 105 | _a||||z ||||| | ||
| 200 | 1 |
_aКризис: гуманитарные стратегические преодоления _eматериалы Международной научно-практической конференции молодых ученых _f[под ред. д.с.н., проф. В.В. Гаврилюк] |
|
| 210 |
_aТюмень _cИзд-во ГОУ ВПО "Тюменский государственный нефтегазовый университет" _d2009 |
||
| 215 | _d21 | ||
| 300 | _aВ надзаг.: Федер. агентство по образованию, Гос. образоват. учреждение высш. проф. образования "Тюмен. гос. нефтегаз. ун-т", Ин-т гуманит. наук ТюмГНГУ [и др.] | ||
| 300 | _aТ. 1 вышел. ненуменр. | ||
| 463 | 0 | _10011420047 | |
| 606 | 1 |
_aЭкономические кризисы _jСъезды, совещания и т.п. _z2008 - _92551644 _3RU\NLR\auth\661509844 |
|
| 606 | 1 |
_aГуманитарные науки _jСъезды, совещания и т.п. _92175177 _3RU\NLR\auth\661308230 |
|
| 686 | _aУ9(2)-971(2Р)я431 | ||
| 686 | _aУ5-971я431 | ||
| 686 | _aС.я431 | ||
| 702 | 1 |
_aГаврилюк _bВ. В. _gВера Владимировна _4340 |
|
| 711 | 1 | 2 |
_a"Кризис: гуманитарные стратегии преодоления", международная научно-практическая конференция молодых ученых _eТюмень _f2009 _9771647 _3RU\NLR\AUTH\8810138148 |
| 801 | 0 |
_aRU _bNLR _c20100118 _gRCR |
|
| 801 | 1 |
_aRU _bNLR _c20100118 |
|
| 852 |
_aNLR _j2009-3/31044 |
||
| 942 | _cBOOK | ||